000 00389nam a2200109Ia 4500
008 160909s9999 xx 000 0 und d
100 _aBese, Terry Lane
245 _aEffective online lectures: Improving practice through design and pedagogy
260 _bPepperdine University
_c2016
650 _aInformation Technology
856 _uhttp://pqdtopen.proquest.com/doc/1772398916.html?FMT=ABS
999 _c303797
_d303797